01343nam a2200337 a 4500001001200000003000800012006001900020007001500039008004100054010001700095020002800112020001800140020002700158040002100185035002100206050002200227082001500249100003200264245010100296260004900397300001500446490004100461504005300502533015200555650002700707650002800734655002900762710001700791800007100808856012600879ebr10526812CaPaEBRm u cr cn|||||||||911223s1992 ne sb 001 0 eng d z 91048116  z9027220727 (alk. paper) z9789027220721 z9789027274274 (e-book) aCaPaEBRcCaPaEBR a(OCoLC)77438526514aP326b.M36 1992eb04a417/.72201 aMalkiel, Yakov,d1914-1998.10aDiachronic studies in lexicology, affixation, phonologyh[electronic resource] /cYakov Malkiel. aAmsterdam :bJohn Benjamins Pub. Co.,c1992. avi, 313 p.1 aEdita and inedita, 1979-1988 ;vv. 2 aIncludes bibliographical references and indexes. aElectronic reproduction.bPalo Alto, Calif. :cebrary,d2012.nAvailable via World Wide Web.nAccess may be limited to ebrary affiliated libraries. 0aHistorical lexicology. 0aHistorical linguistics. 7aElectronic books.2local2 aebrary, Inc.1 aMalkiel, Yakov,d1914-1998.tEdita and inedita, 1979-1988 ;vv. 2.40uhttp://site.ebrary.com/lib/rucke/Doc?id=10526812zAn electronic book accessible through the World Wide Web; click to view